| 000 | 00416cam a2200145 a 4500 | ||
|---|---|---|---|
| 020 | _a007042716X (pbk. : alk. paper) | ||
| 040 | _cDLC | ||
| 082 | 0 | 0 | _a577 WCB 1999 A080 Or. |
| 100 | 1 | _aMolles, Manuel C., | |
| 245 | 1 | 0 |
_aEcology : _bconcepts and applications / |
| 260 |
_aBoston : _bWCB/McGraw-Hill, _cc1999. |
||
| 300 |
_axviii, 509 p. : _bill. (some col.), col. maps ; _c28 cm. |
||
| 650 | 0 | _aEcology. | |
| 942 | _cEK | ||
| 999 |
_c15818 _d15818 |
||